000 00186 a2200097 4500
020 _a9781512429893
041 _aspa
100 _aBrendan Flynn
245 _aHora de Natacion
942 _cK
999 _c27527
_d27527